000 00747nam 22001933 4500
001 201216
090 _a201216
100 _a20260312d u||y0pory50 ba
200 _aAuto dos anfitriões de Camões
_fApresentação crítica, estabelecimento do texto, notas e sugestões para análise literária de Clara Rocha
210 _aLisboa
_cSeara Nova
_cEditorial Comunicação
_d1981
215 _a125, [2] p.
_cbrochado
_d19 cm
225 _aTextos Literários
_fdirigida e coordenada por Maria Alzira Seixo
300 _aContém dedicatória na folha de guarda
606 _924
_aLiteratura Portuguesa
_xTeatro
675 _a821.134.3-2
_vPT
_zpor
700 _916826
_aRocha
_bClara
801 _aPT
_bBMMN
_gRPC
830 _cAna Falardo
_fAna Falardo
990 _cLIVROS